书目信息 |
| 题名: |
可能与现实
|
|
| 作者: | 何兆武 著 | |
| 分册: | ||
| 出版信息: | 北京 北京大学出版社 2017 |
|
| 页数: | 199页 | |
| 开本: | 23cm | |
| 丛书名: | 何兆武文集 | |
| 单 册: | ||
| 中图分类: | K0-53 | |
| 科图分类: | ||
| 主题词: | 史学--shi xue--文集 | |
| 电子资源: | ||
| ISBN: | 978-7-301-27819-2 | |
| 000 | 01160nam0 22002651 450 | |
| 001 | 1738626557 | |
| 005 | 20170627164651.0 | |
| 010 | @a978-7-301-27819-2@b精装@dCNY46.00 | |
| 100 | @a20170623d2017 em y0chiy50 ea | |
| 101 | 0 | @achi |
| 102 | @aCN@b110000 | |
| 105 | @ay z 000yy | |
| 106 | @ar | |
| 200 | 1 | @a可能与现实@9ke neng yu xian shi@e对历史学的若干反思@f何兆武著 |
| 210 | @a北京@c北京大学出版社@d2017 | |
| 215 | @a199页@d23cm | |
| 225 | 2 | @a何兆武文集@9he zhao wu wen ji |
| 330 | @a本书是何兆武作品集之一种。何兆武先生毕业于西南联大,学贯中西,先后在中国社科院历史所、清华大学从事研究与教学,研究涉及中西文化交流史、西方思想史、历史哲学等领域,有学术专论数十篇,均卓有创见,先后结集成书;此外还有大量学术随笔文字。此次经系统整理,将其著述文字编订成书,分专题五种出版,为其一生学术精华的总结。本书收入作者有关史学理论的原创性论文十余篇,代表了国内学者在这一领域的前沿水平。 | |
| 461 | 0 | @12001 @a何兆武文集 |
| 517 | 1 | @a对历史学的若干反思@9dui li shi xue de ruo gan fan si |
| 606 | 0 | @a史学@9shi xue@j文集 |
| 690 | @aK0-53@v5 | |
| 701 | 0 | @a何兆武@9he zhao wu@4著 |
| 801 | 0 | @aCN@bTANGWEI@c20170626 |
| 905 | @b1016384-9@dK0-53@e123@f6 | |
| 可能与现实:对历史学的若干反思/何兆武著.-北京:北京大学出版社,2017 |
| 199页;23cm.-(何兆武文集) |
| ISBN 978-7-301-27819-2(精装):CNY46.00 |
| 本书是何兆武作品集之一种。何兆武先生毕业于西南联大,学贯中西,先后在中国社科院历史所、清华大学从事研究与教学,研究涉及中西文化交流史、西方思想史、历史哲学等领域,有学术专论数十篇,均卓有创见,先后结集成书;此外还有大量学术随笔文字。此次经系统整理,将其著述文字编订成书,分专题五种出版,为其一生学术精华的总结。本书收入作者有关史学理论的原创性论文十余篇,代表了国内学者在这一领域的前沿水平。 |
| ● |
| 相关链接 |
|
|
|
|
正题名:可能与现实
索取号:K0-53/123
 
预约/预借
| 序号 | 登录号 | 条形码 | 馆藏地/架位号 | 状态 | 备注 |
| 1 | 1016384 | 210163847 | 第二样本阅览室/ [索取号:K0-53/123] | 在馆 | |
| 2 | 1016385 | 210163856 | 教育系资料室/ [索取号:K0-53/123] | 在馆 | |
| 3 | 1016386 | 210163865 | 教育系资料室/ [索取号:K0-53/123] | 在馆 | |
| 4 | 1016387 | 210163874 | 教育系资料室/ [索取号:K0-53/123] | 在馆 | |
| 5 | 1016388 | 210163883 | 第二借阅区/ [索取号:K0-53/123] | 在馆 | |
| 6 | 1016389 | 210163892 | 第二借阅区/ [索取号:K0-53/123] | 在馆 |